El ITESO hoy /
Discursos pronunciados por el Provincial de la Compañía de Jesús en México, Mario López Barrio, y por David Fernández Dávalos, durante la toma de posesión de éste último como rector del ITESO. Se incluyen las orientaciones fundamentales del ITESO.
Shranjeno v:
| Korporativna značnica: | |
|---|---|
| Format: | Knjiga |
| Jezik: | španščina |
| Izdano: |
Guadalajara, México :
ITESO,
1998, c1998
|
| Teme: | |
| Oznake: |
Brez oznak, prvi označite!
|
MARC
| LEADER | 00000nam^a2200000^a^4500 | ||
|---|---|---|---|
| 001 | 000131254 | ||
| 005 | 20250521000000.0 | ||
| 009 | 20260310095016.231 | ||
| 037 | |a Acervo ITESO - Biblioteca | ||
| 041 | |a ESP | ||
| 082 | |a 378. 72352 |b ITESO-dis 1998 | ||
| 110 | |a ITESO | ||
| 245 | 1 | 3 | |a El ITESO hoy / |c ITESO. |
| 264 | 4 | |a Guadalajara, México : |b ITESO, |c 1998, c1998 | |
| 300 | |a 1 folleto (40 p.) | ||
| 336 | |a texto |b txt |2 rdacontenido | ||
| 337 | |a sin mediación |b n |2 rdamedio | ||
| 338 | |a volumen |b nc |2 rdasoporte | ||
| 520 | |a Discursos pronunciados por el Provincial de la Compañía de Jesús en México, Mario López Barrio, y por David Fernández Dávalos, durante la toma de posesión de éste último como rector del ITESO. Se incluyen las orientaciones fundamentales del ITESO. | ||
| 610 | |a ITESO | ||
| 649 | |a XX | ||
| 650 | |a Rectores - |x Discursos | ||
| 650 | |a Idearios Escolares | ||
| 650 | |a Administración Educativa | ||
| 650 | |a Universidades Católicas - |z Jalisco | ||
| 650 | |a Universidades Católicas - |z México | ||
| 650 | |a Universidades Privadas - |z Jalisco | ||
| 650 | |a Universidades Privadas - |z México | ||
| 650 | |a Universidades - |z Jalisco | ||
| 650 | |a Universidades - |z México | ||
| 650 | |a Educación Superior - |z Jalisco | ||
| 650 | |a Educación Superior - |z México | ||
| 910 | |a Fondo General | ||
| 920 | |a Impresos - Libros | ||
| 930 | |a Colección General | ||
| 905 | |a 101 | ||
| 901 | |a 0500061241 |b IT2 |c FOL |u 20250521 | ||
| 901 | |a 0500061238 |b IT2 |c FOL |u 20250521 | ||
| 902 | |a https://opac.biblio.iteso.mx/vufind/Record/000131254 | ||